Curso internacional: uso del plástico en cultivos forzados de hortalizas y flores

Saved in:
Bibliografiske detaljer
Institution som forfatter: Universidad Católica de Valparaíso (Author)
Format: Bog
Sprog:spansk
Udgivet: Quillota Universidad Católica de Valparaíso 1989
Fag:
Tags: Tilføj Tag
Ingen Tags, Vær først til at tagge denne postø!

MARC

LEADER 00000nam a2200000 a 4500
001 UCX9099
003 CL-VaPUC
008 940516e19890000CL |||||||||||||||||spa|d
082 0 4 |a 631.3  |b UNI  |2 21 
110 2 |a Universidad Católica de Valparaíso  |e author  |9 326398 
245 1 0 |a Curso internacional: uso del plástico en cultivos forzados de hortalizas y flores 
300 |a 146 h 
942 |c BK 
945 |d 19940516 00:00:00  |a mfernand 
260 |a Quillota  |b Universidad Católica de Valparaíso  |c 1989 
500 |a Curso realizado en la ciudad de Viña del Mar, desde el 2 al 5 de octubre de 1989 
650 7 |a PLASTICOS EN AGRICULTURA  |2 CL-VaPUC  |9 326399 
650 7 |a TUNELES PLASTICOS AGRICULTURA  |2 CL-VaPUC  |9 326400 
650 7 |a INSUMOS AGRICOLAS  |2 CL-VaPUC  |9 326401 
583 |a last modification  |c 19940516 00:00:00  |k Rodrigo Vera 
999 |c 228430  |d 228428